Central Library OPAC University of Rajshahi

The teaching of general science in tropical secondary schools / (Record no. 45637)

MARC details
000 -LEADER
fixed length control field 00687nam a2200217 a 4500
001 - CONTROL NUMBER
control field 45637
003 - CONTROL NUMBER IDENTIFIER
rucl marc code BD-RjUL
005 - DATE AND TIME OF LATEST TRANSACTION
control field 20211209054040.0
008 - FIXED-LENGTH DATA ELEMENTS--GENERAL INFORMATION
fixed length control field 160727r19671955enka 000 0 eng
035 ## - SYSTEM CONTROL NUMBER
System control number (BD-RjUL)45755
040 ## - CATALOGING SOURCE
Original cataloging agency DLC
Transcribing agency CarP
Modifying agency DLC
-- DLC
-- BD-RjUL
Language of cataloging eng
041 ## - LANGUAGE CODE
Language code of text/sound track or separate title eng
082 ## - DEWEY DECIMAL CLASSIFICATION NUMBER
Classification number 507.12
Author mark and year SAT 1967
100 1# - MAIN ENTRY--PERSONAL NAME
Personal name Saunders, H. N.,
Dates associated with a name 1902-
9 (RLIN) 139701
245 14 - TITLE STATEMENT
Title The teaching of general science in tropical secondary schools /
Statement of responsibility, etc. H. N. Saunders.
260 ## - PUBLICATION, DISTRIBUTION, ETC. (IMPRINT)
Place of publication, distribution, etc. London,
Name of publisher, distributor, etc. Oxford University Press,
Date of publication, distribution, etc. 1955
-- [rprinted 1967]
300 ## - PHYSICAL DESCRIPTION
Pagination 379 p.
Illustrations illus.
Size 23 cm.
650 #0 - SUBJECT ADDED ENTRY--TOPICAL TERM
Topical term or geographic name as entry element Science
General subdivision Study and teaching (Secondary)
9 (RLIN) 139702
942 ## - ADDED ENTRY ELEMENTS (KOHA)
Source of classification or shelving scheme Dewey Decimal Classification
Koha item type Books
Holdings
Lost status Source of classification or shelving scheme Damaged status Not for loan Collection code Permanent Location Current Location Shelving location Date acquired Source of acquisition Cost, normal purchase price Total Checkouts Full call number Date last seen Copy number Koha item type
  Dewey Decimal Classification     Non-fiction Central Library, University of Rajshahi Central Library, University of Rajshahi   27/07/1970 Swets Zeitlinger 25.00   507.12 SAT 1967 27/07/2016 C-2 Books